000 003500000a22001450004500
020 _a0-590-44507-3
082 0 4 _aGI CJ G121c
100 1 _aGage, Wilson
245 1 0 _aThe Crow and Mrs. Gaddy / Wilson Gage, il. : Marylin Hafner
260 _aNew York : Scholastic
300 _a45 P.
650 1 4 _aLiteratura Infantil
001 797
942 _cLGB
999 _c48001
_d48001